00473nam a22001577a 4500008004100000020001800041040005500059080002000114245003600134260003100170300001900201490004200220650001300262653001300275700002700288230612b |||||||| |||| 00| 0 eng d a9780387308425 aNational Science LibrarycNational Science Library aR 550.8(03)bM4 aEncyclopedia of Applied Geology aBoston: bSpringer, c1984 axxviii, 644p.  a Encyclopedia of earth sciencesvxiii aScience  aGeology  aFinkl, Charles W (Ed.)